[Event "V ECC Women"]
[Site "Halle GER"]
[Date "2000.09.26"]
[Round "3"]
[White "Polovnikova,E"]
[Black "Kononenko,T"]
[Result "0-1"]
[WhiteElo "2386"]
[BlackElo "2354"]

1.e4 e6 2.d4 d5 3.Nc3 Bb4 4.e5 Ne7 5.Bd2 b6 6.Qg4 Nf5 7.Bd3 h5 8.Qf4 g5 9.Qxg5 Qxg5
10.Bxg5 Nxd4 11.O-O-O Be7 12.h4 c5 13.Nh3 Ba6 14.Bxa6 Nxa6 15.Rhe1 Nb4 16.Rd2 Nbc6
17.Bxe7 Kxe7 18.Ng5 b5 19.Ne2 Nf5 20.Nf3 b4 21.Nf4 a5 22.Kb1 a4 23.Rc1 c4
24.c3 Rab8 25.cxb4 Nxb4 26.Rc3 Na6 27.Ra3 Nc5 28.Ne2 Rb7 29.Nfd4 Nxd4 30.Nxd4 Rg8
31.g3 Rg4 32.Nf3 Re4 33.Kc2 Nd3 34.Kc3 Nxe5 35.Nxe5 Rxe5 36.Rxa4 Re1 37.Kc2 Re4
38.Ra8 Rc7 39.Rh8 d4 40.f3 d3+ 41.Kc3 Re1 42.Rxh5 e5 43.a4 Rc1+ 44.Kb4 Kd6
45.Ka3 Rb7  0-1

[Event "It"]
[Site "Medellin COL"]
[Date "2000.10.01"]
[Round "6"]
[White "Cuartas,J"]
[Black "Castro,O"]
[Result "0-1"]
[WhiteElo "2356"]
[BlackElo "2376"]

1.e4 e6 2.d4 d5 3.Nc3 Bb4 4.e5 Qd7 5.Bd2 b6 6.Nb5 Bf8 7.Nc3 Ne7 8.Nf3 Nbc6
9.Bb5 Bb7 10.Ne2 Nf5 11.c3 Be7 12.Qc2 O-O 13.Bd3 f6 14.exf6 Bxf6 15.g4 Nh4
16.Nxh4 Bxh4 17.Bxh7+ Kh8 18.O-O e5 19.Bf5 Qd6 20.Qd3 g5 21.Qh3 Qh6 22.dxe5 Bxf2+
23.Kg2 Bh4 24.Be1 Nxe5 25.Bxh4 gxh4 26.Nd4 Rae8 27.Rae1 c5 28.Ne6 Rxe6 29.Bxe6 d4+
30.Kg1 Nf3+ 31.Rxf3 Rxf3 32.g5 Qxg5+ 33.Qg4 Qxg4+ 34.Bxg4 Rf4 35.h3 dxc3
36.bxc3 Bd5 37.a3 Ra4 38.Ra1 b5 39.Bd1 Ra5 40.Kf2 Kg7 41.Ke3 Kf6 42.Kd2 Be6
43.Be2 Bxh3 44.Rh1 Bd7 45.Rxh4 Rxa3 46.Rh7 Be8 47.Rb7 a6 48.Bg4 Ra2+ 49.Kc1 Bg6
50.Rb6+ Kg5 51.Bd1 Ra1+ 52.Kd2 Be4 53.Be2 Kf4 54.Rf6+ Ke5 55.Rh6 Bf5 56.Rc6 c4
57.Rc5+ Kf4 58.Bd1 Ra2+ 59.Kc1 Be4 60.Rc7 Ke3 61.Rd7 b4  0-1

[Event "EuYCh B14"]
[Site "Halkidiki GRE"]
[Date "2000.10.02"]
[Round "1"]
[White "Bensenousi,I"]
[Black "Kim,A"]
[Result "0-1"]
[WhiteElo "2050"]
[BlackElo "2301"]

1.e4 e6 2.d4 d5 3.Nc3 Bb4 4.e5 b6 5.a3 Bf8 6.Bd3 Ba6 7.Nge2 Bxd3 8.Qxd3 Qd7
9.O-O c5 10.f4 g6 11.g4 Nc6 12.Kh1 cxd4 13.Nb5 h5 14.g5 a6 15.Nbxd4 Nge7
16.Be3 Na5 17.b3 Qb7 18.Bd2 Nac6 19.Bb4 Nxd4 20.Nxd4 Nc6 21.Bxf8 Kxf8 22.Rfc1 Nxd4
23.Qxd4 Kg7 24.Kg1 Rhc8 25.c4 dxc4 26.Rxc4 b5 27.Rcc1 Qf3 28.b4 h4 29.Rxc8 Rxc8
30.Qf2 Qg4+ 31.Kh1 Rc3 32.Rg1 Qf5 33.Re1 h3 34.Rd1 Qe4+ 35.Kg1 Rf3 36.Qh4 Qe3+
37.Kh1 Rf1+  0-1

[Event "EuYCh B18"]
[Site "Halkidiki GRE"]
[Date "2000.10.06"]
[Round "5"]
[White "Pecnik,L"]
[Black "Potkin,V"]
[Result "0-1"]
[WhiteElo "2167"]
[BlackElo "2420"]

1.e4 e6 2.d4 d5 3.Nc3 Bb4 4.e5 Ne7 5.a3 Bxc3+ 6.bxc3 b6 7.Qg4 Ng6 8.h4 h5
9.Qg3 Ba6 10.Ne2 Rh7 11.Nf4 Nxf4 12.Bxf4 Bxf1 13.Kxf1 Nc6 14.Qd3 Rh8 15.c4 dxc4
16.Qxc4 Qd5 17.Qxd5 exd5 18.c3 Na5 19.Rh3 Kd7 20.Rg3 Rh7 21.Rd1 Ke6 22.Rg5 Rc8
23.Ke2 c5 24.Kd3 cxd4 25.cxd4 Rc4 26.Be3 Nc6 27.f3 g6 28.Bf2 Ra4 29.Ra1 Rh8
30.g4 Na5 31.gxh5 Rxh5 32.Rxh5 gxh5 33.Be3 b5 34.Kc2 b4 35.Bd2 bxa3 36.Bxa5 Rxa5
37.Kb3 a2 38.Kb4 Ra6 39.Kc5 Ra4 40.Kb5 Rxd4 41.Rxa2 Rxh4 42.Rxa7 Rf4 43.Kc5 Rxf3  0-1

[Event "It"]
[Site "Medellin COL"]
[Date "2000.10.09"]
[Round "14"]
[White "Alvarez,Jose"]
[Black "Ostos,J"]
[Result "1/2-1/2"]
[WhiteElo "2402"]
[BlackElo "2344"]

1.e4 e6 2.d4 d5 3.Nc3 Bb4 4.e5 Ne7 5.a3 Bxc3+ 6.bxc3 c5 7.Nf3 Qa5 8.Bd2 Nbc6
9.a4 Bd7 10.Qb1 Qc7 11.Bb5 O-O 12.O-O  1/2-1/2

[Event "It"]
[Site "Medellin COL"]
[Date "2000.10.09"]
[Round "14"]
[White "Echavarria,J"]
[Black "Agudelo,A"]
[Result "1-0"]
[WhiteElo "2328"]
[BlackElo "2355"]

1.e4 e6 2.d4 d5 3.Nc3 Bb4 4.e5 Qd7 5.a3 Bf8 6.Nf3 b6 7.Bb5 c6 8.Ba4 a5 9.Ne2 Ba6
10.c3 Bb5 11.Bc2 c5 12.Be3 a4 13.O-O Nc6 14.Nd2 Na5 15.f4 g6 16.g4 Bxe2 17.Qxe2 c4
18.f5 gxf5 19.gxf5 O-O-O 20.f6 Bh6 21.Kh1 Bxe3 22.Qxe3 h5 23.Nf3 Nh6 24.Ng5 Nb3
25.Rad1 Rdg8 26.Qf4 Kb7 27.h3 b5 28.Rg1 Na5 29.Nh7 Nf5 30.Bxf5 exf5 31.Rg7 Nc6
32.Rdg1 Re8 33.Rf1 Nd8 34.Qxf5 Qxf5 35.Rxf5 Kc6 36.Ng5 Ref8 37.h4 Kd7  1-0

[Event "3rd Int"]
[Site "Torshavn FAI"]
[Date "2000.10.13"]
[Round "8"]
[White "Stefansson,H"]
[Black "Psakhis,L"]
[Result "1-0"]
[WhiteElo "2557"]
[BlackElo "2611"]

1.e4 e6 2.d4 d5 3.Nc3 Bb4 4.e5 Ne7 5.a3 Bxc3+ 6.bxc3 c5 7.Qg4 O-O 8.Bd3 Nbc6
9.Qh5 Ng6 10.Nh3 Qc7 11.Be3 c4 12.Bxg6 fxg6 13.Qh4 b5 14.O-O Bd7 15.f3 a5
16.Bd2 Qb6 17.Kh1 b4 18.Rfb1 b3 19.a4 Rfb8 20.cxb3 cxb3 21.Rb2 Qa6 22.Ng5 h6
23.Nh3 g5 24.Qg4 Rb7 25.f4 Rf8 26.Kg1 Qc4 27.fxg5 Nxe5 28.Qg3 Nd3 29.gxh6 Bxa4
30.Rbb1 Bb5 31.Qd6 Qc6 32.h7+  1-0

[Event "IV Copa Itau"]
[Site "Sao Paulo BRA"]
[Date "2000.10.18"]
[Round "3"]
[White "Nagashima,C"]
[Black "Patriarca,L"]
[Result "1-0"]
[WhiteElo "2037"]
[BlackElo "2307"]

1.e4 e6 2.d4 d5 3.Nc3 Bb4 4.e5 Ne7 5.a3 Bxc3+ 6.bxc3 c5 7.Nf3 Bd7 8.Bd3 c4
9.Be2 Ba4 10.O-O h6 11.Ne1 Kd7 12.g3 Na6 13.Rb1 b6 14.Ng2 Qg8 15.Ne3 Qh7
16.Rb2 Nc7 17.Rb4 b5 18.Bg4 h5 19.Be2 Rag8 20.Rb2 f6 21.f4 Qg6 22.Kh1 Nf5
23.Nxf5 Qxf5 24.Bf3 Qg6 25.Qe2 f5 26.Qg2 Qf7 27.Ra2 a5 28.Re1 Ra8 29.Bd2 g6
30.Kg1 Ra6 31.h4 Rha8 32.Rb1 Qg8 33.Qe2 Rb6 34.Rba1 Na6 35.Kg2 Nb8 36.Kh3 Nc6
37.Qe3 Rba6 38.Rb1 Qb8 39.Qf2 Qa7 40.Qg2 Ke8 41.Qe2 b4 42.axb4 axb4 43.cxb4 Nxd4
44.Qd1 Nxf3 45.Qxf3 d4 46.b5 Bxb5 47.Rxa6 Bxa6 48.Qc6+ Kf7 49.Rb6 Bc8 50.Bb4 Kg7
51.Qd6 Qf7 52.Rc6 Bb7 53.Rc7 Bd5 54.Rxf7+ Kxf7 55.Qe7+ Kg8 56.Qf6 Ra1 57.Qxg6+ Kh8
58.Qxh5+ Kg7 59.Qg5+ Kh7 60.Qe7+ Kh6 61.Qf8+ Kh7 62.Qf7+ Kh8 63.g4 Rh1+ 64.Kg3 Rg1+
65.Kf2 Rg2+ 66.Kf1 Rh2 67.Be7 Rh1+ 68.Kf2 Rh2+ 69.Ke1 Rh1+ 70.Kd2 Rh2+ 71.Kc1  1-0

[Event "34th Olympiad"]
[Site "Istanbul TUR"]
[Date "2000.10.31"]
[Round "4"]
[White "Al Zendani,Z"]
[Black "Moran,A"]
[Result "0-1"]
[WhiteElo "2224"]
[BlackElo "2392"]

1.e4 e6 2.d4 d5 3.Nc3 Bb4 4.e5 Qd7 5.a3 Bxc3+ 6.bxc3 b6 7.Nh3 Ba6 8.Bxa6 Nxa6
9.Qd3 Qa4 10.O-O c5 11.Bg5 h6 12.Bd2 Ne7 13.Rac1 Rc8 14.Nf4 cxd4 15.cxd4 Qc4
16.c3 Qxd3 17.Nxd3 Kd7 18.Nb4 Nb8 19.f4 g6 20.Ra1 h5 21.g3 Nbc6 22.Nxc6 Nxc6
23.Ra2 Na5 24.h3 Rc4 25.Be1 Ra4 26.g4 hxg4 27.hxg4 Nc4 28.Re2 Rxa3 29.f5 gxf5
30.gxf5 Rg8+ 31.Kh2 Ra1 32.fxe6+ fxe6 33.Rf7+ Kc6 34.Re7 Rg6 35.Kh3 a5 36.Kh4 a4
37.Kh5 Rg8 38.Rxe6+ Kb5 39.Rg6 Re8 40.Bh4 a3 41.Rgg2 Rb1 42.Kg6 Rb2 43.Kf7 Ra8
44.Bg3 Rxe2 45.Rxe2 a2 46.Rxa2 Rxa2 47.e6 Ra7+ 48.e7 Ne3 49.Kf8 Ra8+ 50.e8=Q+ Rxe8+
51.Kxe8 Nd1 52.Kd7 Kc4 53.Kc6 b5 54.Be1 Nxc3  0-1

[Event "Chigorin Mem"]
[Site "St Petersburg RUS"]
[Date "2000.10.31"]
[Round "1"]
[White "Najer,E"]
[Black "Shchukin,D"]
[Result "1-0"]
[WhiteElo "2597"]
[BlackElo "2373"]

1.e4 e6 2.d4 d5 3.Nc3 Bb4 4.e5 Ne7 5.a3 Bxc3+ 6.bxc3 b6 7.Nf3 Ba6 8.Bxa6 Nxa6
9.O-O Qd7 10.a4 Nb8 11.Qd3 Nbc6 12.c4 dxc4 13.Qxc4 Rd8 14.Rd1 O-O 15.Qe2 Na5
16.Rd3 Qd5 17.h4 Rd7 18.h5 h6 19.Ba3 Nc4 20.Bxe7 Rxe7 21.Nh2 a6 22.Ng4 Kh8
23.Re1 b5 24.axb5 axb5 25.c3 Ra8 26.Rg3 Ree8 27.Qc2 Ra7 28.Qc1 Kh7 29.Qf4 c5
30.Nf6+ gxf6 31.Qg4  1-0

[Event "Chigorin Mem"]
[Site "St Petersburg RUS"]
[Date "2000.11.04"]
[Round "4"]
[White "Maslak,A"]
[Black "Alekseev,V"]
[Result "1-0"]
[WhiteElo "2300"]
[BlackElo "2412"]

1.e4 e6 2.d4 d5 3.Nc3 Bb4 4.e5 b6 5.Qg4 Bf8 6.Nh3 Qd7 7.Be3 Ne7 8.Nf4 g6
9.h4 h5 10.Qf3 Ba6 11.g4 hxg4 12.Qxg4 Bxf1 13.Rxf1 Bh6 14.Nce2 Qb5 15.O-O-O Nd7
16.h5 O-O-O 17.hxg6 Rdg8 18.Qf3 Nxg6 19.Nxg6 Bxe3+ 20.fxe3 fxg6 21.Qg4 Rh2
22.Nc3 Qc6 23.Rh1 Rxh1 24.Rxh1 Nf8 25.e4 dxe4 26.d5 Qd7 27.Qxe4 Kb8 28.Rd1 exd5
29.Nxd5 Qc6 30.Qe3 Rh8 31.Nb4 Qc4 32.Rd8+ Kb7 33.Qf3+ c6 34.Rxf8 Rxf8 35.Qxf8 Qe4
36.Nd3  1-0

[Event "ch-POL Semi-Finals"]
[Site "Polanczyk POL"]
[Date "2000.11.06"]
[Round "3"]
[White "Jakubowski,K"]
[Black "Czernicki,B"]
[Result "1/2-1/2"]
[WhiteElo "2364"]
[BlackElo "2133"]

1.e4 e6 2.d4 d5 3.Nc3 Bb4 4.e5 Qd7 5.Bd2 b6 6.h4 a5 7.h5 Ba6 8.Bxa6 Nxa6
9.Qe2 c6 10.h6 g6 11.a3 Be7 12.g4 Nc7 13.Nf3 b5 14.Ng5 Bxg5 15.Bxg5 Ne7 16.f4 O-O
17.Rh3 Nc8 18.O-O-O Nb6 19.Rf3 b4 20.Nb1 Nb5 21.axb4 axb4 22.f5 Nc4 23.Qf2 Qa7
24.Rb3 exf5 25.gxf5 Nxe5 26.Rxb4 Nc4 27.Qh4 Nbd6 28.Rf1 Ne4 29.Bf6 Qd7 30.Bg7 Rfe8
31.fxg6 fxg6 32.Rb3 Ncd6 33.Rbf3 Nf5 34.Rxf5 gxf5 35.Be5 Re6 36.Rxf5 Rg6
37.Rf1 Qf5 38.Qe1 Qg5+ 39.Bf4 Qg2 40.Be3 Qh2 41.Na3 Rxh6 42.Bxh6 Qxh6+ 43.Kd1 Qh5+
44.Kc1 Qg5+ 45.Kd1 Qh5+ 46.Kc1 Qh6+ 47.Kd1 Qh5+  1/2-1/2

[Event "34th Olympiad"]
[Site "Istanbul TUR"]
[Date "2000.11.10"]
[Round "13"]
[White "De la Riva Aguado,O"]
[Black "Kesmaecker,P"]
[Result "1-0"]
[WhiteElo "2462"]
[BlackElo "2293"]

1.e4 e6 2.d4 d5 3.Nc3 Bb4 4.e5 Qd7 5.a3 Bf8 6.Nf3 b6 7.Bb5 c6 8.Ba4 Ba6 9.Ne2 Ne7
10.c3 Ng6 11.h4 h5 12.Bc2 Ne7 13.O-O c5 14.Re1 Bxe2 15.Qxe2 c4 16.Ng5 Nbc6
17.Qf3 Nd8 18.Nh3 Rc8 19.Bg5 Qb7 20.Nf4 g6 21.Bf6 Rg8 22.Nxh5 gxh5 23.Qxh5 Bg7
24.Bh7 Kf8 25.Bxg8 Nxg8 26.Bxg7+ Kxg7 27.Re3 Nc6 28.Rg3+ Kf8 29.Qh7 Nce7
30.Rg7  1-0

[Event "FSIM November"]
[Site "Budapest HUN"]
[Date "2000.11.11"]
[Round "8"]
[White "Resika,N"]
[Black "Vargyas,Z"]
[Result "1-0"]
[WhiteElo "2267"]
[BlackElo "2154"]

1.e4 e6 2.d4 d5 3.Nc3 Bb4 4.e5 Ne7 5.a3 Bxc3+ 6.bxc3 c5 7.Nf3 Bd7 8.h4 Qa5
9.Bd2 Nbc6 10.h5 h6 11.Rh4 O-O-O 12.c4 Qc7 13.cxd5 Nxd5 14.c3 Rhe8 15.Bd3 f5
16.exf6 Nxf6 17.Kf1 e5 18.dxe5 Nxe5 19.Bf4 Bg4 20.Qc2 Rxd3 21.Nxe5 Rd5 22.Rxg4 Rdxe5
23.Bxe5 Qxe5 24.Rg3 Qxh5 25.Rh3 Qg4 26.Rd1 a6 27.Qd3 c4 28.Qd6 Qe6 29.Qc5+ Kb8
30.Re3 Ne4 31.Rd4 Nxc5 32.Rxe6 Nxe6 33.Rxc4 Rc8 34.Re4 Re8 35.f4 Nc7 36.Rd4 Nb5
37.Rd7 Rg8 38.c4 Nxa3 39.Rf7 Nc2  1-0

[Event "34th Olympiad"]
[Site "Istanbul TUR"]
[Date "2000.11.12"]
[Round "14"]
[White "Gabrielsen,S"]
[Black "Russek,G"]
[Result "1-0"]
[WhiteElo "2305"]
[BlackElo "2400"]

1.e4 e6 2.d4 d5 3.Nc3 Bb4 4.e5 Ne7 5.a3 Bxc3+ 6.bxc3 b6 7.Qg4 Ng6 8.h4 h5
9.Qg3 Ba6 10.Bd3 Bxd3 11.cxd3 Qd7 12.a4 Nc6 13.Nf3 O-O-O 14.O-O a5 15.Be3 Nce7
16.Rfc1 Kb7 17.c4 Ka6 18.Qh3 f6 19.Qg3 Rc8 20.Rcb1 Rb8 21.Rb5 c6 22.Rb3 Rb7
23.Rab1 Rhb8 24.R3b2 Qe8 25.Re2 Nf5 26.Qh2 Rd8 27.Rbe1 Re7 28.exf6 gxf6 29.Bc1 Qd7
30.Ba3 Ree8 31.Bb2 Re7 32.Ba3 Ree8 33.Bb2 Re7 34.Kf1 Rg8 35.g3 Rd8 36.Qh3 Ree8
37.Kg1 Rb8 38.Qf1 Qd6 39.Ra1 Rg8 40.Kh1 Rg7 41.Ba3 Qd7 42.Rae1 Re8 43.Rb2 Rgg8
44.Reb1 Rb8 45.Bc5 bxc5 46.Rxb8 Rxb8 47.Rxb8  1-0

[Event "Tch-ISL"]
[Site "Reykjavik ISL"]
[Date "2000.11.18"]
[Round "2"]
[White "Bjornsson,S"]
[Black "Bergsson,Sn"]
[Result "0-1"]
[WhiteElo "2281"]
[BlackElo "2275"]

1.e4 e6 2.d4 d5 3.Nc3 Bb4 4.e5 Qd7 5.a3 Bxc3+ 6.bxc3 b6 7.Nf3 Ba6 8.Bd3 Ne7
9.O-O Qa4 10.Qd2 h6 11.Qf4 Nbc6 12.Bd2 Nf5 13.h4 Bxd3 14.cxd3 h5 15.Rfc1 Na5
16.c4 Nb3 17.cxd5 Nxa1 18.Rxa1 Rd8 19.dxe6 fxe6 20.Qg5 Rh6 21.Rc1 c6 22.Rc4 Qb5
23.g4 Ne7 24.Bb4 c5 25.dxc5 Rg6 26.Qxh5 Rxd3 27.Rf4 bxc5 28.Bd2 Rxa3 29.Qh8+ Kd7
30.h5 Rxf3 31.hxg6 Rxf4 32.Bxf4 Qb1+ 33.Kg2 Qe4+ 34.Kg3 Qxf4+  0-1

[Event "9th It"]
[Site "Sonnevanck NED"]
[Date "2000.11.28"]
[Round "1"]
[White "Solleveld,Maa"]
[Black "Dgebuadze,A"]
[Result "1-0"]
[WhiteElo "2426"]
[BlackElo "2536"]

1.e4 e6 2.d4 d5 3.Nc3 Bb4 4.e5 Ne7 5.a3 Bxc3+ 6.bxc3 b6 7.Qg4 Ng6 8.h4 h5
9.Qf3 Ba6 10.Bxa6 Nxa6 11.Bg5 Qd7 12.a4 Qc6 13.Ne2 Qc4 14.O-O Nb8 15.a5 Nd7
16.Ng3 b5 17.Nxh5 Rh7 18.g4 a6 19.Qe3 Ndxe5 20.dxe5 Qxg4+ 21.Ng3 Nxh4 22.Bxh4 Rxh4
23.Rfd1 Qf4 24.Qxf4 Rxf4 25.Rd4 Rxd4 26.cxd4 c5 27.Ne2 cxd4 28.Nxd4 Kd7 29.Kf1 Rc8
30.Ke2 Rc4 31.Kd3 b4 32.Rg1 Rc3+ 33.Kd2 Rc4 34.Rg4 Ke8 35.f3 Kd7 36.Nb3 Rxg4
37.fxg4 Kc6 38.Nd4+ Kc5 39.Kd3 g5 40.Nf3 Kb5 41.Nxg5 Kxa5 42.Nxf7  1-0

[Event "FSGM December"]
[Site "Budapest HUN"]
[Date "2000.12.09"]
[Round "7"]
[White "Antal,Ge"]
[Black "Berkes,F"]
[Result "1/2-1/2"]
[WhiteElo "2405"]
[BlackElo "2372"]

1.e4 e6 2.d4 d5 3.Nc3 Bb4 4.e5 Ne7 5.a3 Bxc3+ 6.bxc3 c5 7.Qg4 Qc7 8.Qxg7 Rg8
9.Qxh7 cxd4 10.Ne2 Nbc6 11.f4 Bd7 12.Qd3 dxc3 13.Rb1 O-O-O 14.Nxc3 Na5 15.h3 a6
16.g4 Ng6 17.h4 Bc6 18.Bg2 Nxf4 19.Bxf4 Rxg4 20.Bg3 d4 21.Ne4 Rdg8 22.Rh3 Bxe4
23.Bxe4 f5 24.exf6 Rxg3 25.Rxg3 Rxg3 26.Qxd4 Rg8 27.Qe3 Kb8 28.h5 Rg3 29.Qb6 Qe5
30.Qd8+  1/2-1/2

[Event "Open"]
[Site "Mallorca ESP"]
[Date "2000.12.10"]
[Round "9"]
[White "Serra Olives,T"]
[Black "Moskalenko,V"]
[Result "0-1"]
[WhiteElo "2196"]
[BlackElo "2508"]

1.e4 e6 2.d4 d5 3.Nc3 Bb4 4.e5 Ne7 5.a3 Bxc3+ 6.bxc3 b6 7.h4 Ba6 8.Bxa6 Nxa6
9.h5 h6 10.Qf3 Rg8 11.Qe2 Nb8 12.a4 Nbc6 13.f4 Na5 14.Nf3 Qd7 15.Ba3 Nf5
16.Kf2 Nc4 17.Bc1 Rc8 18.g4 Ne7 19.Nd2 Nxd2 20.Bxd2 c5 21.a5 b5 22.a6 f5
23.Ra5 cxd4 24.Rxb5 dxc3 25.Rb7 Rc7 26.Bxc3 Rxb7 27.axb7 Qxb7 28.Ra1 fxg4
29.Bd4 Nc6 30.Bc5 g5 31.hxg6 Rxg6 32.Qd3 g3+ 33.Kg1 Rg4 34.Qe2 Rxf4 35.Qh5+ Qf7
36.Qxh6 g2 37.Ra3 d4 38.Kxg2 Rf2+ 39.Kg3 Rxc2 40.Bd6 Qf2+ 41.Kg4 Qf5+ 42.Kg3 Qf2+
43.Kg4 Qg2+ 44.Rg3 Qe4+ 45.Qf4 Qg6+  0-1

[Event "Abel Cardona Open"]
[Site "Cali COL"]
[Date "2000.12.17"]
[Round "2"]
[White "Garcia,Gild"]
[Black "Uribe,M"]
[Result "1-0"]
[WhiteElo "2448"]
[BlackElo "2293"]

1.e4 e6 2.d4 d5 3.Nc3 Bb4 4.e5 Ne7 5.a3 Bxc3+ 6.bxc3 c5 7.Nf3 b6 8.a4 Ba6
9.Bxa6 Nxa6 10.Qe2 Nb8 11.Ba3 Nd7 12.c4 dxc4 13.O-O O-O 14.dxc5 bxc5 15.Rfd1 Qc7
16.Qxc4 Rfd8 17.Re1 h6 18.h3 Rac8 19.Rab1 Nc6 20.Qe4 Rb8 21.Rbd1 Nb4 22.Rd6 Nb6
23.Bxb4 cxb4 24.Qxb4 Qxc2 25.Nd4 Qxa4 26.Qxa4 Nxa4 27.Nc6 Rxd6 28.exd6 Rb7
29.Ra1 Nc5 30.Nxa7 Rd7 31.Nb5 f6 32.Rc1 Ne4 33.Rc7 Rd8 34.d7 Kf7 35.Nd4 Ke7
36.Nc6+ Kd6 37.Nxd8 Kxc7 38.Nxe6+ Kxd7 39.Nxg7 Nd6 40.g4 Nf7 41.Kg2 Kd6 42.Kg3 Ke5
43.f4+ Kd5 44.Nh5 Ke6 45.Kh4 Nh8 46.Ng7+ Kd5 47.Kh5 Ke4 48.Kxh6 Kxf4 49.Nh5+ Ke5
50.Kg7 f5 51.Kxh8  1-0

[Event "Christmas Open"]
[Site "Zurich SUI"]
[Date "2000.12.27"]
[Round "3"]
[White "Bohnenblust,S"]
[Black "Suter,S"]
[Result "1-0"]
[WhiteElo "2236"]
[BlackElo "2077"]

1.e4 e6 2.d4 d5 3.Nc3 Bb4 4.e5 Qd7 5.Qg4 f5 6.Qg3 b6 7.Nh3 Ba6 8.Bxa6 Nxa6
9.Nf4 O-O-O 10.h4 Bf8 11.Nce2 Ne7 12.c3 Kb7 13.b4 c6 14.a4 Nc7 15.Nd3 Ra8
16.Be3 Rg8 17.Kd2 Rc8 18.Nef4 g6 19.Nh3 h6 20.Rhb1 Ka8 21.Rb3 Rb8 22.f3 Rd8
23.Qe1 Rb8 24.Ke2 Nc8 25.Qc1 Be7 26.Bxh6 Bxh4 27.Bg5 Qh7 28.Qf4 Bxg5 29.Qxg5 Qe7
30.Rh1 Qg7 31.Nhf4 Ne7 32.Rbb1 Rh8 33.Ra1 Rbg8 34.a5 Kb7 35.axb6 axb6 36.Rxh8 Rxh8
37.Nf2 Qf7 38.N2h3 Kc8 39.Qf6 Qxf6 40.exf6 Ng8 41.Nxg6  1-0

[Event "Eastern Open"]
[Site "Washington DC USA"]
[Date "2000.12.28"]
[Round "4"]
[White "Henry,R"]
[Black "Formanek,E"]
[Result "1-0"]
[WhiteElo "2200"]
[BlackElo "2298"]

1.e4 e6 2.d4 d5 3.Nc3 Bb4 4.e5 Ne7 5.a3 Bxc3+ 6.bxc3 b6 7.a4 Ba6 8.Bxa6 Nxa6
9.Ne2 Nb8 10.Nf4 g6 11.h4 Nbc6 12.h5 g5 13.Nd3 h6 14.f4 gxf4 15.Bxf4 Qd7
16.Qd2 Ng8 17.O-O Na5 18.Bg3 O-O-O 19.Bh4 Nc4 20.Qf2 Rf8 21.a5 Nxa5 22.Nc5 Qc6
23.Qg3 Qe8 24.Nd3 Ne7 25.Bxe7 Qxe7 26.Rxa5 Rhg8 27.Qf3 bxa5 28.Nc5 Qh4 29.Qe2 Kd8
30.Rb1 Qg4 31.Qf2 Kc8 32.Qf1 Rg5 33.Rb8+ Kxb8 34.Qb5+ Kc8 35.Qb7+  1-0

[Event "TCh-FIN 00-01"]
[Site "FIN"]
[Date "2001.01.13"]
[Round "6"]
[White "Sorsa,N"]
[Black "Raaste,E"]
[Result "1/2-1/2"]
[WhiteElo "2245"]
[BlackElo "2328"]

1.e4 e6 2.d4 d5 3.Nc3 Bb4 4.e5 Qd7 5.Nf3 b6 6.Be2 Ba6 7.Bxa6 Nxa6 8.Qe2 Nb8
9.O-O Nc6 10.Nd1 Bf8 11.b3 Nge7 12.Bb2 Ng6 13.Ne3 Be7 14.Kh1 Na5 15.c4 c6
16.Rac1 O-O 17.Ng1 Bg5 18.Nh3 Bxe3 19.fxe3 h6 20.Nf4 Nxf4 21.Rxf4 Qe7 22.Bc3 f5
23.exf6 Rxf6 24.Rxf6 Qxf6 25.Bb4 Nb7 26.Rf1 Qg6 27.cxd5 exd5 28.Qa6 Nd6 29.Bxd6 Qxd6
30.Qb7 Rf8 31.Rxf8+ Qxf8 32.h3 Qe8 33.Qxa7 Qxe3 34.Qxb6 Qc1+ 35.Kh2 Qf4+
36.Kg1 Qc1+ 37.Kh2 Qf4+ 38.Kg1 Qc1+ 39.Kf2 Qd2+ 40.Kg1  1/2-1/2

[Event "ch-POL Boys U18"]
[Site "Zakopane POL"]
[Date "2001.01.19"]
[Round "4"]
[White "Skrzypnik,M"]
[Black "Debowiak,M"]
[Result "1-0"]
[WhiteElo "2259"]
[BlackElo "2143"]

1.e4 e6 2.d4 d5 3.Nc3 Bb4 4.e5 Ne7 5.a3 Bxc3+ 6.bxc3 c5 7.Qg4 O-O 8.Bd3 Nbc6
9.Qh5 Ng6 10.Nf3 Qc7 11.Be3 c4 12.Bxg6 fxg6 13.Qg4 Qf7 14.Kd2 Bd7 15.Ng5 Qe8
16.h4 b5 17.h5 h6 18.Nf3 Ne7 19.hxg6 Qxg6 20.Qxg6 Nxg6 21.Ng1 a5 22.Ne2 Rab8
23.Rab1 Ne7 24.f4 Rb6 25.g4 Rfb8 26.Ng3 b4 27.axb4 axb4 28.cxb4 Rxb4 29.Rxb4 Rxb4
30.Ra1 Rb7 31.Ra5 g6 32.f5 exf5 33.gxf5 Nxf5 34.Nxf5 Bxf5 35.Rxd5 Rb2 36.Bxh6 Rxc2+
37.Ke1 c3 38.Rc5 Rh2 39.Bf4 Rh1+ 40.Kf2 c2 41.d5 Rh4 42.Bc1 Re4 43.e6 Bxe6
44.dxe6 Rxe6 45.Rxc2 Kf7 46.Kf3 Rb6 47.Kg4 Ke6 48.Kg5 Kd5 49.Bb2 Ke4 50.Bf6 Kd5
51.Kxg6 Ke4 52.Rc4+ Kd5 53.Rd4+ Kc5 54.Rd2 Rb1 55.Be5 Rf1 56.Kg5 Kc4 57.Bf4 Rf3
58.Kf5 Rd3 59.Re2 Kc5 60.Rc2+ Kd5  1-0

[Event "17th Open"]
[Site "Geneva SUI"]
[Date "2001.01.22"]
[Round "3"]
[White "Bergez,L"]
[Black "Huss,A"]
[Result "1-0"]
[WhiteElo "2426"]
[BlackElo "2352"]

1.e4 e6 2.d4 d5 3.Nc3 Bb4 4.e5 Qd7 5.Bd2 Bxc3 6.Bxc3 b6 7.Qg4 f5 8.Qg3 Ba6
9.Bxa6 Nxa6 10.Ne2 O-O-O 11.a4 Kb7 12.b4 c6 13.O-O Nc7 14.Bd2 Rf8 15.Rfb1 h6
16.b5 g5 17.Bb4 Rf7 18.Bd6 Ne7 19.Qa3 Nc8 20.Nc3 g4 21.a5 g3 22.axb6 axb6
23.bxc6+ Qxc6 24.Nb5  1-0

[Event "6th HIT Open"]
[Site "Nova Gorica SLO"]
[Date "2001.01.25"]
[Round "1"]
[White "Acs,P"]
[Black "Marjanovic,Slavk"]
[Result "1-0"]
[WhiteElo "2507"]
[BlackElo "2048"]

1.e4 e6 2.d4 d5 3.Nc3 Bb4 4.e5 Ne7 5.a3 Bxc3+ 6.bxc3 b6 7.Qg4 Ng6 8.h4 h5
9.Qg3 Ba6 10.Ne2 Nc6 11.Nf4 Bxf1 12.Nxg6 Bxg2 13.Qxg2 fxg6 14.Qxg6+ Kd7 15.Qxg7+ Qe7
16.Qxe7+ Nxe7 17.Bg5 Raf8 18.Bxe7 Kxe7 19.Ke2 Rf4 20.f3 Rhf8 21.Rh3 Rg8 22.Kf2 Rgg4
23.Rah1 Rf5 24.Rg3 Rff4 25.Rhg1 Rxh4 26.Rg7+ Rf7 27.Rxf7+ Kxf7 28.Kg3  1-0

[Event "6th HIT Open"]
[Site "Nova Gorica SLO"]
[Date "2001.01.26"]
[Round "2"]
[White "Krivec,J"]
[Black "Tratar,M"]
[Result "1-0"]
[WhiteElo "2219"]
[BlackElo "2435"]

1.e4 e6 2.d4 d5 3.Nc3 Bb4 4.e5 b6 5.Nf3 Qd7 6.Bd2 Ne7 7.Bd3 Ba6 8.Bxa6 Nxa6
9.Qe2 Nb8 10.O-O-O Bxc3 11.Bxc3 c5 12.Ng5 h6 13.Qh5 Ng6 14.Nh3 Nc6 15.Kb1 Rc8
16.f4 Qe7 17.dxc5 bxc5 18.f5 Qh4 19.Qe2 Nge7 20.fxe6 fxe6 21.Rhf1 Qa4 22.Nf4 Nd8
23.Qh5+ Kd7 24.Ng6 Re8 25.Nf8+ Kc7 26.Ba5+ Kb8 27.Bxd8 Rexd8 28.Nxe6 Rd7
29.Rf8 Rxf8 30.Nxf8 Rb7 31.e6 c4 32.Nd7+ Kc7 33.Qe5+ Kc6 34.Nb8+ Kc5 35.Nd7+ Kc6
36.Qxg7 Nf5 37.Qe5 Ne7 38.Qf6 Qb4 39.Ne5+ Kc7 40.Nd7 Qb5 41.Qf4+ Kd8 42.Qf8+ Kc7
43.Qf4+ Kd8 44.Qd4 Nf5 45.Qh8+ Kc7 46.Qe5+ Kc6 47.b3  1-0

[Event "ch-POL Boys U16"]
[Site "Zakopane POL"]
[Date "2001.01.26"]
[Round "11"]
[White "Czakon,J"]
[Black "Duda,L"]
[Result "1/2-1/2"]
[WhiteElo "2083"]
[BlackElo "2099"]

1.e4 e6 2.d4 d5 3.Nc3 Bb4 4.e5 Ne7 5.a3 Bxc3+ 6.bxc3 c5 7.Qg4 Kf8 8.Nf3 Qa5
9.Bd2 Qa4 10.Kd1 b6 11.h4 Ba6 12.Bxa6 Qxa6 13.h5 h6 14.Qf4 Nbc6 15.g4 Qc4
16.Rg1 Rc8 17.Rc1 cxd4 18.cxd4 b5 19.Rg3 Ke8 20.c3 Qb3+ 21.Ke2 Qxa3 22.Ne1 Qa2
23.Rf3 Nd8 24.Nd3 a5 25.Nc5 Qc4+ 26.Ke1 a4 27.Ra1 Ra8 28.Bc1 Ra7 29.Ba3 Nec6
30.Rb1 b4 31.Bxb4 a3 32.Nd3 Nxb4 33.Nxb4 Rf8  1/2-1/2

[Event "Open"]
[Site "Ubeda ESP"]
[Date "2001.01.27"]
[Round "7"]
[White "Dominguez,L"]
[Black "Pogorelov,R"]
[Result "1-0"]
[WhiteElo "2565"]
[BlackElo "2429"]

1.e4 e6 2.d4 d5 3.Nc3 Bb4 4.e5 Ne7 5.a3 Bxc3+ 6.bxc3 c5 7.Qg4 Kf8 8.h4 Qa5
9.Bd2 Qa4 10.h5 h6 11.Rh3 Nbc6 12.Qf4 b6 13.Rf3 Nd8 14.dxc5 Qxf4 15.Rxf4 bxc5
16.c4 Ndc6 17.Nf3 g5 18.hxg6 Nxg6 19.Rg4 Ncxe5 20.Nxe5 Nxe5 21.Rh4 h5 22.Be2 Ba6
23.cxd5 Bxe2 24.Kxe2 exd5 25.Rah1 Re8 26.Rxh5 Nc4+ 27.Kd1 Rxh5 28.Rxh5 Re5
29.Rh8+ Kg7 30.Rh3 Nxd2 31.Kxd2 Re4 32.Rb3 Re7 33.Rb8 Rc7 34.Rd8 d4 35.Kd3 Rc6
36.Kc4 Ra6 37.Kxc5 Rxa3 38.Rxd4 Ra2 39.Rd2 Rb2 40.Kc4 a5 41.Kd3 a4 42.c3 Rxd2+
43.Kxd2 Kf6 44.Kc2 Ke5 45.f3 Kf4 46.Kb2 Ke3 47.Ka3 Kd3 48.Kxa4 Kc4 49.Ka5 Kxc3
50.Kb5 Kd4 51.Kc6 Ke3 52.Kd6 Kf2 53.f4 Kg3 54.f5 Kf4 55.f6  1-0

[Event "TCh-SVK"]
[Site "SVK"]
[Date "2001.01.28"]
[Round "7"]
[White "Lanc,A"]
[Black "Komora,A"]
[Result "1-0"]
[WhiteElo "2392"]
[BlackElo "2307"]

1.e4 e6 2.d4 d5 3.Nc3 Bb4 4.e5 Ne7 5.a3 Bxc3+ 6.bxc3 c5 7.Qg4 Qc7 8.Qxg7 Rg8
9.Qxh7 cxd4 10.Ne2 Nbc6 11.Bf4 Bd7 12.h4 dxc3 13.Qd3 O-O-O 14.Qxc3 d4 15.Qc5 Ng6
16.Bg3 Be8 17.Nf4 Ngxe5 18.Be2 Nd7 19.Qb5 e5 20.Nd5 Qd6 21.Rb1 Nc5 22.Nf6 d3
23.Ne4 Qd4 24.cxd3 Rd5 25.Nxc5 Qc3+ 26.Kf1 Rxc5 27.Qxb7+ Kd8 28.h5 Qc1+ 29.Bd1 Qd2
30.Bh4+ Rg5 31.Bxg5+ Qxg5 32.h6 Qd2 33.Qb2 Qxd3+ 34.Be2 Qh7 35.Rd1+ Nd4 36.Rh4 Kc7
37.Rhxd4 exd4 38.Qxd4 Kb6 39.Qd8+ Rc7 40.Qxe8  1-0

[Event "6th HIT Open"]
[Site "Nova Gorica SLO"]
[Date "2001.01.31"]
[Round "7"]
[White "Srebrnic,V"]
[Black "Marjanovic,Slavk"]
[Result "1/2-1/2"]
[WhiteElo "2242"]
[BlackElo "2048"]

1.e4 e6 2.d4 d5 3.Nc3 Bb4 4.e5 Ne7 5.Bd2 b6 6.Qg4 Ng6 7.h4 h5 8.Qg3 Ba6 9.Nb5 Bxd2+
10.Kxd2 Qd7 11.a4 Bxb5 12.axb5 Kf8 13.Bd3 Ne7 14.Ne2 Nf5 15.Bxf5 exf5 16.Qb3 c5
17.bxc6 Nxc6 18.Nf4 Rd8 19.Rhe1 g6 20.g3 Kg7 21.Qa4 Rhe8 22.c3 Na5 23.Qxd7 Rxd7
24.Kd3 Nc6 25.Re2 Nd8 26.Ra6 Ne6 27.b3 Rc8 28.Rea2 Nxf4+ 29.gxf4 Rdc7 30.Rc2 Kf8
31.c4 Ke7 32.Raa2 dxc4+ 33.Rxc4 Kd7 34.Rac2 a6 35.d5 Rxc4 36.bxc4 a5 37.Rb2 Kc7
38.c5 bxc5 39.Rb5 Ra8 40.Rxc5+ Kd7 41.Rc3 a4 42.Ra3 f6 43.exf6 Kd6 44.Kd4 Ra5
45.f7 Rxd5+ 46.Kc4 Rc5+ 47.Kb4 Rc8 48.Rxa4 Ke7 49.Ra7+ Kf8 50.Kb3 Rc1 51.Kb2 Re1
52.Kb3 Re2 53.Ra2 Re1 54.Kc4 Re4+ 55.Kd5 Kxf7 56.Ra7+ Kg8 57.f3 Rxf4 58.Ke5 Rxf3
59.Kf6 Rg3 60.Ra8+ Kh7  1/2-1/2